| 000 | 00506nam a22001697a 4500 | ||
|---|---|---|---|
| 005 | 20251108172434.0 | ||
| 008 | 250721s9999 xx 000 0 ara d | ||
| 082 | 1 | 4 | _a922.1/راف |
| 100 | 1 | _aرافعي، عبد الرحمن | |
| 245 | 1 | 0 | _aجمال الدين الأفغاني : باعث نهضة الشرق / |
| 264 | 1 |
_aالقاهرة : _bدار المعارف، |
|
| 300 | _a179ص | ||
| 650 | 1 | 7 | _aالقادة الدينيون |
| 650 | 1 | 7 | _aالتراجم |
| 942 |
_2ddc _cBK |
||
| 999 |
_c79339 _d79339 |
||